000 00613nam a2200229Ia 4500
003 OSt
005 20220924132425.0
006 a|||||r|||| 00| 0
007 ta
008 220923b |||||||| |||| 00| 0 san d
024 _a53708
037 _cTextual
040 _aARTS
_cARTS
_bsan
041 _2san
_asan
082 _aP15:10Ax11, 15G6
100 _aSrinicasayajvan
_9204277
245 0 _aSvara siddhanta candrika ed by K A Sivaramakrishna Sastri
260 _c1936
650 _aLINGUISTICS
942 _hP15:10Ax11, 15G6
_cTEXL
_2CC
999 _c430259
_d430259